000 00624nas a2200205 4500
001 000037539
003 DO-SdBNP
005 20240830123950.0
008 120423c19979999dr mr1p dd 0 0spa d
040 _aDO-SdBNP
_bspa
_cBNPHU
043 _anwdr
245 0 0 _aCompu siglo :
_brevista de circulación mensual.
260 _aSanto Domingo :
_bEl Siglo,
_c1997.
300 _av.- :
_bil. ;
_c29 cm.
310 _aMensual
362 1 _aAño 1. no. 2, (jul. 1997)
500 _aCatalogación basada en :
650 4 _aInformática infromática
_vPUBLICACIONES PERIÓDICAS
_zRepública Dominicana
_963996
942 _2ddc
_cISSUE
999 _c37029
_d37029